| 000 | 01006nas a2200337 4500 | ||
|---|---|---|---|
| 001 | BR0401204 | ||
| 003 | BR-BrBNA | ||
| 005 | 20231205104416.0 | ||
| 007 | ta | ||
| 008 | 230509b bl.|||p| |||| 00| 00por d | ||
| 040 |
_aBR-BrBNA _bpor _cBiblioteca Nacional de Agricultura |
||
| 041 | _a(Pt) | ||
| 072 | _aF60; H20 | ||
| 100 | 1 | _aBianchini, L. | |
| 100 | 1 | _aBedendo, I.P. | |
| 100 | 1 | _aCamargo, L.E.A. de | |
| 100 | 1 | _aLopes, J.R.S. | |
| 245 | 1 | _aIdentificação molecular de isolados do fitoplasma do enfezamento vermelho do milho, coletados no estado de São Paulo | |
| 650 | _aMILHO | ||
| 650 | _aENFEZAMENTO | ||
| 650 | _aVÍRUS | ||
| 650 | _aDNA | ||
| 650 | _aMARCADOR MOLECULAR | ||
| 650 | _aDOENÇA DE PLANTA | ||
| 650 | _aPROTOPLASMA | ||
| 650 | _aANÁLISE QUÍMICA | ||
| 650 | _aSÃO PAULO | ||
| 773 | 0 |
_tSumma Phytopathologica (Brazil) _xISSN 0100-5405 _g(Jul-Sep 2002), v. 28(3) p. 253-259 _wBR0401204 |
|
| 909 |
_a202311 _bLúcia _c55 _dLúcia Elande |
||
| 942 |
_2AGRIS _n0 _cANA |
||
| 999 |
_c177991 _d177991 |
||